000 00213nam a22000977a 4500
999 _c16201
_d16201
003 OSt
008 200623b ||||| |||| 00| 0 eng d
100 _aBhanu L. Desai
_94622
245 _aSeasonal Flowers
942 _cBK